Normal view
MARC view
- COMPOSITE MATERIALS, MANUFACTURING PROCESSES
Entry Topical Term
001 - CONTROL NUMBER
- control field: 62732
003 - CONTROL NUMBER IDENTIFIER
- control field: NUST
005 - DATE AND TIME OF LATEST TRANSACTION
- control field: 20210628203003.0
008 - FIXED-LENGTH DATA ELEMENTS
- fixed length control field: 210628|| aca||aabn | a|a d
040 ## - CATALOGING SOURCE
- Original cataloging agency: NUST
- Transcribing agency: NUST
150 ## - HEADING--TOPICAL TERM
- Topical term or geographic name entry element: COMPOSITE MATERIALS, MANUFACTURING PROCESSES
670 ## - SOURCE DATA FOUND
- Source citation: Work cat.: (NUST): Advani, Suresh .G:Sozer, E.Murat 62731, Process modeling in composites manufacturing, 2003
